Una mujer y tres cárceles : (Record no. 178174)

MARC details
000 -LEADER
campo de control de longitud fija 01338nam a2200301 4500
001 - NÚMERO DE CONTROL
campo de control 178174
003 - IDENTIFICADOR DE NÚMERO DE CONTROL
campo de control ES-MaACL
005 - FECHA Y HORA DE LA ÚLTIMA TRANSACCIÓN
campo de control 20250918184208.0
008 - DATOS DE LONGITUD FIJA--INFORMACIÓN GENERAL
campo de control de longitud fija 110520s1982 sp acfo |||| |aspa d
020 ## - NÚMERO INTERNACIONAL ESTÁNDAR DEL LIBRO
Número Internacional Estándar del Libro 84-300-7168-7
080 ## - NÚMERO DE LA CLASIFICACIÓN DECIMAL UNIVERSAL
Número de la Clasificación Decimal Universal 821.134.2-31"19"
100 1# - ENTRADA PRINCIPAL--NOMBRE DE PERSONA
Nombre de persona Payá, Carmen.
9 (RLIN) 89705
245 14 - MENCIÓN DEL TÍTULO
Título Una mujer y tres cárceles :
Resto del título (memorias de amor y de dolor) /
Mención de responsabilidad, etc. Carmen Payá ; [epílogo, Agustín de Figueroa, marqués de Santo Floro].
250 ## - MENCION DE EDICION
Mención de edición 2ª ed.
260 ## - PUBLICACIÓN, DISTRIBUCIÓN, ETC.
Lugar de publicación, distribución, etc. [Madrid] :
Nombre del editor, distribuidor, etc. M. Carrasco,
Fecha de publicación, distribución, etc. 1982.
300 ## - DESCRIPCIÓN FÍSICA
Extensión VII, 166 p., [6] p. de lám. ;
Dimensiones 21 cm.
505 8# - NOTA DE CONTENIDO CON FORMATO
Nota de contenido con formato Contiene: Tres personalidades literarias opinan sobre la obra de Carmen Payá: Una mujer sorprendente / Carmen Llorca . Cómo conocí a Carmen Payá / Emilio Romero . Amor y dolor de Carmen / F. Vizcaíno Casas
600 14 - PUNTO DE ACCESO ADICIONAL DE MATERIA--NOMBRE DE PERSONA
Nombre de persona Payá, Carmen.
9 (RLIN) 89705
700 1# - ENTRADA AGREGADA--NOMBRE PERSONAL
Nombre de persona Llorca, Carmen,
Fechas asociadas al nombre 1921-1998
9 (RLIN) 181902
700 1# - ENTRADA AGREGADA--NOMBRE PERSONAL
Nombre de persona Romero, Emilio.
9 (RLIN) 99320
700 1# - ENTRADA AGREGADA--NOMBRE PERSONAL
Nombre de persona Vizcaíno Casas, Fernando.
9 (RLIN) 115612
700 1# - ENTRADA AGREGADA--NOMBRE PERSONAL
Nombre de persona Figueroa, Agustín de,
Títulos y otros términos asociados al nombre Marqués de Santo Floro
9 (RLIN) 50775
852 4# - LOCALIZACIÓN
Ubicación ES-MaACL
itemnumber 185033
Sublocalización o colección R.145506
Número de control de estantería A-11193
Signatura antigua Olim: N-4219
Ubicación en estantería Depósito 1
Encuadernación Donación: Carmen Paya
Nota libre Dedicatoria autógrafa de la autora
903 ## - NOMBRE PERSONAL DE DONANTE
9 89705
a Payá, Carmen
e Donante
942 ## - ELEMENTOS DE ENTRADA SECUNDARIOS (KOHA)
Fuente del sistema de clasificación o colocación Clasificación decimal universal
Tipo de ítem Koha Libro impreso
Holdings
Estatus retirado Estado de pérdida Fuente del sistema de clasificación o colocación Estado de daño No para préstamo Colección Biblioteca de origen Biblioteca actual Ubicación en estantería Fecha de adquisición Fuente de adquisición Total de préstamos Signatura topográfica completa Código de barras Visto por última vez Precio de reemplazo Tipo de ítem Koha Nota pública
    Clasificación decimal universal     Libros con dedicatorias Biblioteca del Ateneo de Madrid Biblioteca del Ateneo de Madrid Depósito 1 20/05/2011 Donación   A-11193 1187168 23/02/2023 23/02/2023 Libro impreso Dedicatoria autógrafa de la autora